000 00266nam a22001097a 4500
008 260422b |||||||| |||| 00| 0 eng d
100 _aNarayanachar, K S
245 _aThose 18 Days Part 2
260 _aHubli
_bSahitya Prakashana
_c2014
300 _a608p
942 _2ddc
999 _c1254
_d1254